Jean Zay : L'inconnu de la République (notice n° 1568389)
[ vue normale ]
| 000 -LEADER | |
|---|---|
| fixed length control field | 01573cam a2200133 4500500 |
| 005 - DATE AND TIME OF LATEST TRANSACTION | |
| control field | 20251214004256.0 |
| 041 ## - LANGUAGE CODE | |
| Language code of text/sound track or separate title | fre |
| 042 ## - AUTHENTICATION CODE | |
| Authentication code | dc |
| 100 10 - MAIN ENTRY--PERSONAL NAME | |
| Personal name | Loubes, Olivier |
| Relator term | author |
| 245 00 - TITLE STATEMENT | |
| Title | Jean Zay : L'inconnu de la République |
| 260 ## - PUBLICATION, DISTRIBUTION, ETC. | |
| Name of publisher, distributor, etc. | Armand Colin,<br/> |
| Date of publication, distribution, etc. | 2012.<br/> |
| 520 ## - SUMMARY, ETC. | |
| Summary, etc. | Malgré une reconnaissance croissante, Jean Zay, le très jeune ministre de l’Éducation nationale et des beaux-arts de Léon Blum, reste un homme politique méconnu, une figure républicaine inconnue. Pourtant, son œuvre de réformateur est exceptionnelle (démocratisation scolaire, ENA, CNRS, festival de Cannes…), et fait de lui le Jules Ferry du Front populaire. Quant à son emprisonnement dès 1940 puis son assassinat par des miliciens en 1944, ils en font le Dreyfus de Vichy. Ce livre s’attache à combler l’écart entre une vie remarquable et une mémoire partielle, afin de donner à lire et à comprendre un parcours de républicain emblématique par son action et par la haine qu’il suscita. Aujourd’hui, alors que la référence aux « valeurs républicaines » est fréquente, mais ne dépasse souvent pas le stade de l’invocation, Jean Zay permet de répondre, historiquement, à la question dont dépend notre avenir : « Que signifie vivre en République ? Rien, sans engagement républicain. » "La figure et l'héritage de Jean Zay sont injustement méconnus. (…) Une très belle biographie, un homme à découvrir absolument." France Inter |
| 856 41 - ELECTRONIC LOCATION AND ACCESS | |
| Uniform Resource Identifier | <a href="https://shs.cairn.info/jean-zay--9782200355852?lang=fr&redirect-ssocas=7080">https://shs.cairn.info/jean-zay--9782200355852?lang=fr&redirect-ssocas=7080</a> |
Pas d'exemplaire disponible.




Réseaux sociaux